000 00363cam a22001337a 4500
008 180718b1961 xxu||||| |||| 00| 0 eng d
082 _aN403x42 M824/61
100 _aMoriarty, C.C.H.
245 _aMoriarty's police law
_cby C.C.H. Moriarty
250 _a16th ed.
260 _aLondon
_bRutterworth
_c1961
300 _a639p.
650 _aPolice - Legislation - UK
999 _c374334
_d374334